Capitals of Territories of the British Empire - Statistics

General Stats
  • This quiz has been taken 34 times
  • The average score is 33 of 59
Answer Stats
Colony Capital % Correct
Cape Colony Cape Town
81%
Union of south Africa Cape Town/Bloemfontein/Pretoria
81%
Qatar Doha
81%
Australia Melbourne/Canberra
81%
New Zealand Wellington
81%
British Raj Calcutta/New Delhi
76%
British Jamaica Kingston
76%
St Vincent and the Grenadines Kingstown
76%
British Canada Ottawa
76%
Newfoundland St John's
76%
Antigua and Barbuda St John's
76%
Colony of Aden Aden
71%
Barbados Bridgetown
71%
British Guyana Georgetown
71%
Mandatory Palestine Jerusalem
71%
British Kenya Nairobi
71%
Bahamas Nassau
71%
British Cyprus Nicosia
71%
Straits Settlements Penang/Singapore
71%
Fiji Suva
71%
British Malta Valletta
71%
Seychelles Victoria
71%
British Mandate of Mesopotamia Baghdad
67%
British Honduras Belize/Belmopan
67%
Territory of Papua Port Moresby
67%
Zanzibar Zanzibar
67%
Transjordan Amman
62%
British Uganda Kampala
62%
Northern Rhodesia Livingstone/Lusaka
62%
Bahrain Manama
62%
Trinidad and Tobago Port of Spain
62%
South West Africa Windhoek
62%
Samoa Apia
57%
Solomon Islands Honiara
57%
Bechuanaland Mafeking/Gaborone
57%
Mauritius Port Louis
57%
Transvaal Colony Pretoria
57%
Orange River Colony Bloemfontein
52%
St Lucia Castries
52%
Tanganica Dar es Salaam
52%
Federated Malay States Kuala Lumpur
52%
Grenada St George's
52%
St Cristopher-Nevis-Anguilla Basseterre
48%
Basotholand Maseru
48%
Swaziland Mbabane
43%
Tonga Nuku'alofa
43%
New Hebrides Condominium Port Vila
43%
Southern Rhodesia Salisbury
43%
Gilbert Islands Tarawa
43%
Nauru Yaren
43%
British West Africa Freetown
33%
British Somaliland Berbera/Hargeisa
29%
Ellice Islands Funafuti
29%
Nyasaland Zomba
19%
Colony of Natal Pietermaritzburg
14%
Kuwait Al-Kuwait
10%
Anglo-Egyptian Sudan Khartum
10%
Colony of Sarawak Kuching
10%
North Borneo Sandakan/Jesselton
10%
No matching quizzes found
Score Distribution
Percent of People with Each Score
Percentile by Number Answered
Your Score History
You have not taken this quiz